书目信息 |
| 题名: |
字里字外·有意思的汉字
|
|
| 作者: | 郭玉华 编著 | |
| 分册: | 1 | |
| 出版信息: | 济南 济南出版社 2019.7 |
|
| 页数: | 100页 | |
| 开本: | 24cm | |
| 丛书名: | ||
| 单 册: | ||
| 中图分类: | G624.223 | |
| 科图分类: | ||
| 主题词: | 识字课--小学--教学参考资料 | |
| 电子资源: | ||
| ISBN: | 978-7-5488-3327-7 | |
| 000 | 01443nam0 2200229 45 | |
| 001 | 012001001065 | |
| 005 | 20210922170246.97 | |
| 010 | @a978-7-5488-3327-7@dCNY29.80 | |
| 100 | @a20190731d2019 cd y0chiy0110 ea | |
| 101 | 0 | @achi |
| 102 | @aCN@b370000 | |
| 105 | @aa z 000yy | |
| 106 | @ar | |
| 200 | 1 | @a字里字外·有意思的汉字@Azi li zi wai·you yi si de han zi@h1@f郭玉华编著 |
| 210 | @a济南@c济南出版社@d2019.7 | |
| 215 | @a100页@c彩图@d24cm | |
| 330 | @a汉字不仅是读写的工具,而且是中国文化的载体。每一个汉字都有演变的轨迹,每一个汉字都承接着先贤与仁义礼智信的故事。汉字既有音形之美,又含思想之魂,字里字外都包蕴着中华优秀传统文化的信息。图书定名为“字里字外·有意思的汉字”,一是意在从历史的维度,呈现汉字的音形义变化之脉络;二是站在中华优秀传统文化的立场,因字而发,讲述中国的历史故事。本书所选汉字皆为小学一至六年级(部编与新人教版)语文教材中规定的会读会写汉字,每一年级选取代表性汉字100个,共选600个汉字,每个年级单独一册,共分为6册。 本书采用一字一页的形式,包括注音、释义、字形演变(甲骨文、金文、小篆、繁楷与简楷)、解字和历史故事(一年级有部分歌谣)等体例,讲解字的历史,讲述历史故事。注重知识准确性、故事趣味性、智慧性和历史性、认知科学性,目的是吸引小学生及家长了解汉字魅力,丰富历史知识,深化阅读能力,提高小学生的文化素养与语文能力。 | |
| 606 | 0 | @a识字课@x小学@j教学参考资料 |
| 690 | @aG624.223@v5 | |
| 701 | 0 | @a郭玉华@Aguo yu hua@4编著 |
| 801 | @aCN@bAHXH@c20210922 | |
| 905 | @b1250955-9@dG624.223@e1555:1@f5 | |
| 字里字外·有意思的汉字.1/郭玉华编著.-济南:济南出版社,2019.7 |
| 100页:彩图;24cm |
| ISBN 978-7-5488-3327-7:CNY29.80 |
| 汉字不仅是读写的工具,而且是中国文化的载体。每一个汉字都有演变的轨迹,每一个汉字都承接着先贤与仁义礼智信的故事。汉字既有音形之美,又含思想之魂,字里字外都包蕴着中华优秀传统文化的信息。图书定名为“字里字外·有意思的汉字”,一是意在从历史的维度,呈现汉字的音形义变化之脉络;二是站在中华优秀传统文化的立场,因字而发,讲述中国的历史故事。本书所选汉字皆为小学一至六年级(部编与新人教版)语文教材中规定的会读会写汉字,每一年级选取代表性汉字100个,共选600个汉字,每个年级单独一册,共分为6册。 本书采用一字一页的形式,包括注音、释义、字形演变(甲骨文、金文、小篆、繁楷与简楷)、解字和历史故事(一年级有部分歌谣)等体例,讲解字的历史,讲述历史故事。注重知识准确性、故事趣味性、智慧性和历史性、认知科学性,目的是吸引小学生及家长了解汉字魅力,丰富历史知识,深化阅读能力,提高小学生的文化素养与语文能力。 |
| ● |
| 相关链接 |
|
|
|
|
正题名:字里字外·有意思的汉字
索取号:G624.223/1555:1
 
预约/预借
| 序号 | 登录号 | 条形码 | 馆藏地/架位号 | 状态 | 备注 |
| 1 | 1250955 | 212509551 | 第一样本阅览室/ [索取号:G624.223/1555:1] | 在馆 | |
| 2 | 1250956 | 212509560 | 教育系资料室/ [索取号:G624.223/1555:1] | 在馆 | |
| 3 | 1250957 | 212509579 | 教育系资料室/ [索取号:G624.223/1555:1] | 在馆 | |
| 4 | 1250958 | 212509588 | 第四借阅区/ [索取号:G624.223/1555:1] | 在馆 | |
| 5 | 1250959 | 212509597 | 第四借阅区/ [索取号:G624.223/1555:1] | 在馆 |